000 00654nam a2200217 a 4500
999 _c3726
_d3726
001 3726
003 BD-JhCC
005 20171116201633.0
008 171116s1987 bg a|||| ||a| 000 0 ben d
035 _a(BD-JhCC) 3726
040 _aBD-JhCC
_dBD-JhCC
041 _aben
082 _a920
_bCHO 1987
100 _aচৌধুরী, সালেহ
245 _aবিস্মৃত কাপতান /
_cসালেহ চৌধুরী
260 _aঢাকা :
_bইসলামিক ফাউন্ডেশন বাংলাদেশ ,
_c1987
300 _a31 p .:
_c21 cm .
650 _aBiography
942 _2ddc
_cBK